|
|
|
|
| LEADER |
00000nam a22000007a 4500 |
| 005 |
20220825220350.0 |
| 007 |
cr|||| |||| |
| 008 |
220825s2018 co |||||s|||| 00||0 spa d |
| 020 |
|
|
|a 978-958-771-564-4
|
| 035 |
|
|
|a 36978
|
| 040 |
|
|
|a vLex
|
| 090 |
|
|
|c 13840
|d 13840
|
| 100 |
1 |
|
|a Martn̕ez Cruz, Humberto
|
| 245 |
1 |
2 |
|a El arte de seducir
|h [Recurso electrn̤ico] :
|b Merchandising /
|c Humberto Martn̕ez Cruz
|
| 256 |
|
|
|a Servicio en ln̕ea
|
| 260 |
|
|
|a Bogot:̀
|b Ecoe Ediciones S.A.S.,
|c 2018
|
| 300 |
|
|
|a 1 recurso electrn̤ico
|
| 500 |
|
|
|a El sector retail ha tenido un acelerado desarrollo en lo referente a formatos de negocio e interaccin̤ entre los comercios. Por ello se presenta aqu ̕una gua̕ para implementar y desarrollar el merchandising como herramienta de gestin̤ gerencial, basada en la experiencia laboral del autor y su recopilacin̤ prc̀tica de la teora̕ del merchandising. La obra inicia ubicando el contexto de la Promocin̤ del mix de marketing; describe y define los conceptos bs̀icos del Merchandising, desde el ejercicio comercial real; presenta los modelos de implantacin̤ y organizacin̤ de los puntos de ventas en el retail moderno, tradicional, especializado y de servicios; incluye las percepciones olfativas y auditivas, y los avances tecnolg̤icos que se involucran en el merchandising. El libro va dirigido a estudiantes de mercadeo, diseǫ, publicidad y afines; profesionales y dueǫs de establecimientos comerciales con interš en aplicar el mercha
|
| 506 |
1 |
|
|a Disponible solo en los productos indicados
|d vLex Global
|d vLex Global (Academic Edition, excluding Law Schools)
|d vLex Global (U.S. Academic Edition, Law Schools)
|d vLex Global (U.S. Academic Edition, excluding Law Schools)
|d vLex Global (Academic Edition, Law Schools)
|
| 650 |
0 |
4 |
|a Comercio
|z Colombia
|
| 650 |
0 |
4 |
|a Marketing
|z Colombia
|
| 740 |
0 |
|
|a vLex Libros (Servicio en ln̕ea)
|
| 856 |
4 |
0 |
|u https://app.vlex.com/#/sources/36978
|z Acceso restringido
|
| 942 |
|
|
|c BOOK
|
| 999 |
0 |
|
|a Trade
|
| 999 |
0 |
|
|a Marketing
|